01758nam a22003977a 450000500170000000700150001700800410003202000220007303500100009504000090010510000170011424503600013125600240049126000570051530000280057250602700060065000410087065000480091170000210095970000160098070000160099670000210101270000220103370000250105570000250108070000170110570000290112270000170115170000210116870000160118970000240120570000300122970000220125974000380128185600410131920240305165616.0cr|||| |||| 210907s2020 eu |||||s|||| 00||0 eng d a978-92-76-21623-0 a34376 avLex1 aLamy, Pascal10aMission Starfish 2030h[Recurso electrónico] :bRestore our ocean and waters /cPascal Lamy, Peter Heffernan, Klara Ramm, Boyan Slat, Antidia Citores, Darko Manakovski, Tiago Pitta e Cunha, Valentin Moldoveanu, Lowri Evans, Aristomenis Karageorgis, Alan Deidun, Gesine Meissner, Lea Kauppi, François Galgani, Maria Cristina Pedicchio, Geneviève Pons aServicio en línea aBruselas:bEuropean Union Publications Office,c2020 a1 recurso electrónico1 aDisponible solo en los productos indicadosdvLex GlobaldvLex Global (Academic Edition, excluding Law Schools)dvLex Global (U.S. Academic Edition, Law Schools)dvLex Global (U.S. Academic Edition, excluding Law Schools)dvLex Global (Academic Edition, Law Schools)04aDerecho ComunitariozUnión Europea04aDerecho del Medio AmbientezUnión Europea1 aHeffernan, Peter1 aRamm, Klara1 aSlat, Boyan1 aCitores, Antidia1 aManakovski, Darko1 aPitta e Cunha, Tiago1 aMoldoveanu, Valentin1 aEvans, Lowri1 aKarageorgis, Aristomenis1 aDeidun, Alan1 aMeissner, Gesine1 aKauppi, Lea1 aGalgani, François1 aPedicchio, Maria Cristina1 aPons, Geneviève0 avLex Libros (Servicio en línea)40uhttps://app.vlex.com/#/sources/34376